Vybrané evoluční teorie procesu internacionalizace podnikatelských aktivit

Prehľad najýznamnejších internacionalizačných teórií.

Saved in:
Bibliographic Details
Main Author: Zapletalová, Šárka
Format: Book Chapter
Language:Czech
Subjects:
Tags: Add Tag
No Tags, Be the first to tag this record!

MARC

LEADER 00000naa a2200000 4500
001 0150739
005 20231128131203.6
041 0 |a cze 
044 |a CZ 
245 1 0 |a Vybrané evoluční teorie procesu internacionalizace podnikatelských aktivit  |c Šárka Zapletalová 
520 |a Prehľad najýznamnejších internacionalizačných teórií. 
610 2 0 |a internacionalizácia 
610 2 0 |a podnikanie 
610 2 0 |a teórie ekonomické 
100 1 |a Zapletalová, Šárka